[Event "Agneaux St Lo op 16th"]
[Site "Agneaux"]
[Date "2014.07.07"]
[Round "3"]
[White "Poley, Vladimir"]
[Black "Gallon, Willy"]
[Result "1-0"]
[WhiteElo "2279"]
[BlackElo "2054"]
[PlyCount "49"]
[EventDate "2014.07.06"]
[EventType "swiss"]
[EventRounds "9"]
[EventCountry "FRA"]
[SourceTitle "EXT 2015"]
[Source "ChessBase"]
[SourceDate "2014.11.20"]
[SourceVersion "1"]
[SourceVersionDate "2014.11.20"]
[SourceQuality "1"]

1. Nf3 e6 2. g3 d5 3. Bg2 Nf6 4. 0-0 Bd6 5. d4 Nbd7 6. c4 c6 7. Nbd2 0-0 8. Qc2 Re8 9. b3 e5 10. cxd5 e4 11. dxc6 exf3 12. cxd7 fxg2 13. dxe8Q+ Qxe8 14. Re1 Qe6 15. Kxg2 Qh3+ 16. Kg1 Bf5 17. e4 Bb4 18. exf5 Ng4 19. Nf3 Bxe1 20. Be3 Bb4 21. Qe4 Bd6 22. Qxb7 Rb8 23. Qxf7+ Kh8 24. Re1 Nf6 25. Qe6 1-0

[Event "Agneaux St Lo Coquereau op"]
[Site "Agneaux"]
[Date "2013.07.14"]
[Round "9"]
[White "Marie, Guillaume"]
[Black "Gallon, Willy"]
[Result "1/2-1/2"]
[WhiteElo "2088"]
[BlackElo "2027"]
[PlyCount "82"]
[EventDate "2013.07.07"]
[EventType "swiss"]
[EventRounds "9"]
[EventCountry "FRA"]
[SourceTitle "EXT 2014"]
[Source "ChessBase"]
[SourceDate "2013.11.20"]
[SourceVersion "1"]
[SourceVersionDate "2013.11.20"]
[SourceQuality "1"]

1. c4 e6 2. g3 f5 3. Bg2 Nf6 4. d4 Be7 5. Nc3 0-0 6. Nh3 d6 7. 0-0 Na6 8. a3 c6 9. f3 e5 10. Nf2 Be6 11. b3 Qc7 12. e3 Rad8 13. Qc2 b5 14. Ne2 bxc4 15. bxc4 d5 16. c5 e4 17. f4 Rb8 18. Bd2 Rb7 19. Qa4 Nb8 20. Rfb1 Nbd7 21. Ba5 Qb8 22. Nc3 Rc8 23. Rb4 Rxb4 24. axb4 Nf8 25. Bf1 Bd7 26. Rb1 Qb7 27. b5 cxb5 28. Bxb5 Bxb5 29. Qxb5 Qxb5 30. Rxb5 Bd8 31. Bxd8 Rxd8 32. Ra5 Ra8 33. Nb5 Rb8 34. Nd6 Rb1+ 35. Kg2 g6 36. h3 Rc1 37. Rxa7 Rc3 38. Nd1 Rc1 39. Nf2 Rc3 40. Nd1 Rc1 41. Nf2 Rc3 1/2-1/2

[Event "Agneaux St Lo Coquereau op"]
[Site "Agneaux"]
[Date "2013.07.13"]
[Round "8"]
[White "Gallon, Willy"]
[Black "Chaplain, Fabrice"]
[Result "1-0"]
[WhiteElo "2027"]
[BlackElo "2115"]
[PlyCount "72"]
[EventDate "2013.07.07"]
[EventType "swiss"]
[EventRounds "9"]
[EventCountry "FRA"]
[SourceTitle "EXT 2014"]
[Source "ChessBase"]
[SourceDate "2013.11.20"]
[SourceVersion "1"]
[SourceVersionDate "2013.11.20"]
[SourceQuality "1"]

1. e4 c5 2. Nc3 Nc6 3. Nf3 Nf6 4. Bb5 Qc7 5. h3 a6 6. Be2 e5 7. d3 h6 8. 0-0 g5 9. Nd5 Nxd5 10. exd5 Ne7 11. c3 Nxd5 12. d4 cxd4 13. cxd4 e4 14. Ne5 d6 15. Bc4 Be6 16. Qb3 dxe5 17. Bxd5 Bxd5 18. Qxd5 Rd8 19. Qxe4 Rxd4 20. Qf5 Bg7 21. Be3 Rc4 22. b3 Qc8 23. Qd3 Rc6 24. Rac1 Rxc1 25. Rxc1 Qd7 26. Qe4 0-0 27. h4 g4 28. Rc4 f5 29. Qc2 Rf7 30. Rc8+ Kh7 31. Qc4 f4 32. Bb6 Qd1+ 33. Kh2 g3+ 34. fxg3 fxg3+ 35. Kxg3 Qe1+ 36. Kh2 Qxh4+ 1-0

[Event "Agneaux St Lo Coquereau op"]
[Site "Agneaux"]
[Date "2013.07.08"]
[Round "3"]
[White "Smith, Matthieu"]
[Black "Gallon, Willy"]
[Result "1/2-1/2"]
[WhiteElo "2103"]
[BlackElo "2027"]
[PlyCount "80"]
[EventDate "2013.07.07"]
[EventType "swiss"]
[EventRounds "9"]
[EventCountry "FRA"]
[SourceTitle "EXT 2014"]
[Source "ChessBase"]
[SourceDate "2013.11.20"]
[SourceVersion "1"]
[SourceVersionDate "2013.11.20"]
[SourceQuality "1"]

1. d4 e6 2. Nf3 f5 3. g3 b6 4. Bg2 Bb7 5. 0-0 Nf6 6. Bg5 Be7 7. c3 0-0 8. Nbd2 Qe8 9. Qc2 Qh5 10. Bxf6 Rxf6 11. Rfe1 g5 12. Ne5 Bxg2 13. Kxg2 Rh6 14. Nf1 d6 15. Nf3 g4 16. Ng1 Qe8 17. d5 Qf7 18. dxe6 Rxe6 19. e3 Nd7 20. Ne2 h5 21. Nf4 Rh6 22. Qb3 Re8 23. Qxf7+ Kxf7 24. Nd2 Ne5 25. Nb3 c5 26. Rad1 h4 27. Nc1 Reh8 28. Rh1 Nf3 29. Nd5 hxg3 30. hxg3 Rh2+ 31. Rxh2 Rxh2+ 32. Kf1 Ng5 33. Kg1 Nf3+ 34. Kf1 Ng5 35. Kg1 Nf3+ 36. Kf1 Ng5 37. Kg1 Nf3+ 38. Kf1 Ng5 39. Kg1 Nf3+ 40. Kf1 Ng5 1/2-1/2

[Event "FRA-chT3 Gr06 0607"]
[Site "France"]
[Date "2007.02.11"]
[Round "6.2"]
[White "Guezennec, Franck"]
[Black "Gallon, Willy"]
[Result "1-0"]
[WhiteElo "2137"]
[BlackElo "2035"]
[PlyCount "47"]
[EventDate "2006.10.15"]
[EventType "team"]
[EventRounds "9"]
[EventCountry "FRA"]
[SourceTitle "EXT 2008"]
[Source "ChessBase"]
[SourceDate "2007.11.25"]
[SourceVersion "1"]
[SourceVersionDate "2007.11.25"]
[SourceQuality "1"]
[WhiteTeam "Douarnenez"]
[BlackTeam "Cherbourg Octeville"]
[WhiteTeamCountry "FRA"]
[BlackTeamCountry "FRA"]

1. e4 e6 2. d4 d5 3. exd5 exd5 4. Nf3 Nc6 5. c4 Nf6 6. Nc3 Bf5 7. Bg5 Be7 8. Bxf6 Bxf6 9. cxd5 Ne7 10. Qa4+ c6 11. dxc6 Nxc6 12. Bb5 0-0 13. Bxc6 Qe7+ 14. Ne5 Bxe5 15. dxe5 Qxe5+ 16. Be4 Bxe4 17. Nxe4 f5 18. 0-0 fxe4 19. Qb3+ Rf7 20. Rad1 Re8 21. Rd7 Ree7 22. Rfd1 Rxd7 23. Rxd7 Qe8 24. Rxb7 1-0

[Event "FRA-chT3 Gr06 0607"]
[Site "France"]
[Date "2006.11.25"]
[Round "2.4"]
[White "Gallon, Willy"]
[Black "Fontaine, David"]
[Result "0-1"]
[WhiteElo "2050"]
[BlackElo "1963"]
[PlyCount "112"]
[EventDate "2006.10.15"]
[EventType "team"]
[EventRounds "9"]
[EventCountry "FRA"]
[SourceTitle "EXT 2008"]
[Source "ChessBase"]
[SourceDate "2007.11.25"]
[SourceVersion "1"]
[SourceVersionDate "2007.11.25"]
[SourceQuality "1"]
[WhiteTeam "Cherbourg Octeville"]
[BlackTeam "Rennes Paul Bert II"]
[WhiteTeamCountry "FRA"]
[BlackTeamCountry "FRA"]

1. e4 c5 2. c3 d5 3. exd5 Qxd5 4. d4 e6 5. Nf3 Nc6 6. Be2 cxd4 7. cxd4 Bb4+ 8. Nc3 Nge7 9. 0-0 Qd6 10. a3 Bxc3 11. bxc3 0-0 12. Bd3 Nd5 13. Ng5 f5 14. Qh5 h6 15. Nf3 Nf4 16. Bxf4 Qxf4 17. Rfe1 Bd7 18. Rab1 Rab8 19. Bc4 Qd6 20. Nh4 Na5 21. Ba2 Rbe8 22. Nxf5 Qf4 23. Nd6 Qxf2+ 24. Kh1 Qxa2 25. Nxe8 Bxe8 26. Qe2 Qxe2 27. Rxe2 Rf6 28. d5 Bg6 29. Rbe1 exd5 30. Kg1 Be4 31. Rd1 Rc6 32. Re3 Nc4 33. Rg3 Nxa3 34. Ra1 Nb5 35. Kf2 a6 36. Rc1 d4 37. c4 Nc3 38. Rg4 Rf6+ 39. Ke1 Kf7 40. h4 g6 41. Ra1 Rb6 42. Rf4+ Ke6 43. g4 Rb2 44. g5 hxg5 45. hxg5 Bf5 46. Rxd4 Re2+ 47. Kf1 Bh3+ 48. Kg1 Rg2+ 49. Kh1 Ne2 50. Rd3 Ng3+ 51. Rxg3 Rxg3 52. Kh2 Rb3 53. Rd1 Bf5 54. Rd8 Be4 55. Rf8 Rf3 56. Rc8 Bc6 0-1

[Event "Neuilly Ernst Young Trophy"]
[Site "Neuilly"]
[Date "2006.05.13"]
[Round "3"]
[White "Gallon, Willy"]
[Black "Giraldo, Diego Leon"]
[Result "1-0"]
[WhiteElo "2053"]
[BlackElo "1760"]
[PlyCount "47"]
[EventDate "2006.05.13"]
[EventType "swiss"]
[EventRounds "4"]
[EventCountry "FRA"]
[SourceTitle "EXT 2007"]
[Source "ChessBase"]
[SourceDate "2006.11.23"]
[SourceVersion "1"]
[SourceVersionDate "2006.11.23"]
[SourceQuality "1"]

1. e4 e5 2. Nf3 Nc6 3. Bc4 Bc5 4. b4 Bxb4 5. c3 Ba5 6. d4 exd4 7. 0-0 d6 8. Ng5 Nh6 9. cxd4 0-0 10. Be3 Qf6 11. Nf3 Bg4 12. Be2 Rae8 13. Nbd2 Bb6 14. Nb3 Rxe4 15. Bd3 Bxf3 16. gxf3 Re7 17. Kh1 Nxd4 18. Nxd4 Bxd4 19. Bxd4 Qf4 20. Rg1 Nf5 21. Bxf5 g6 22. Bc2 Rfe8 23. Be3 Qf6 24. Bg5 1-0

[Event "Agneaux St Lo Seniors op"]
[Site "Agneaux"]
[Date "2004.07.08"]
[Round "1"]
[White "Gallon, Willy"]
[Black "Tihonov, Jurij"]
[Result "0-1"]
[WhiteElo "2044"]
[BlackElo "2447"]
[PlyCount "66"]
[EventDate "2004.07.08"]
[EventType "swiss"]
[EventRounds "9"]
[EventCountry "FRA"]
[SourceTitle "EXT 2005"]
[Source "ChessBase"]
[SourceDate "2004.11.15"]
[SourceVersion "1"]
[SourceVersionDate "2004.11.15"]
[SourceQuality "1"]

1. e4 c5 2. d4 cxd4 3. c3 d5 4. exd5 Qxd5 5. cxd4 e6 6. Nc3 Bb4 7. Nf3 Nf6 8. Bd3 0-0 9. 0-0 Bxc3 10. bxc3 b6 11. Re1 Bb7 12. Re5 Qd8 13. Qe2 Nbd7 14. Rg5 Rc8 15. Bd2 Qc7 16. Ne5 Rfe8 17. Re1 Nf8 18. Ng4 Nxg4 19. Qxg4 f6 20. Rh5 Bd5 21. Bb5 Red8 22. Ba6 Ra8 23. Bd3 Bxa2 24. Rh3 Bd5 25. Qh4 f5 26. g4 Qf7 27. gxf5 exf5 28. Re7 Qf6 29. Bg5 Qg6 30. Rg3 Re8 31. Rxg7+ Qxg7 32. Bf6 Ng6 33. Rxg6 Qxg6+ 0-1